[Event "21st European Teams Women"]
[Site "Hersonissos GRE"]
[Date "2017.10.29"]
[Round "2.15"]
[Board "4"]
[White "Koskoska, Gabriela"]
[Black "Delevic, Nina"]
[Result "1-0"]
[WhiteTitle "WIM"]
[WhiteElo "2018"]
[BlackElo "1745"]
[WhiteTeam "FYROM"]
[BlackTeam "Montenegro"]
[WhiteFideId "15000630"]
[BlackFideId "939650"]
[EventDate "2017.10.28"]

1. e4 g6 2. Nc3 Bg7 3. Bc4 d6 4. f4 Nf6 5. d3 c6 6. Bb3 Bg4 7. Nf3 Nbd7 8. h3
Bxf3 9. Qxf3 Nc5 10. Be3 Nxb3 11. axb3 a6 12. O-O Qc7 13. f5 O-O-O 14. Qf2 c5
15. d4 Nd7 16. Nd5 Qb8 17. Nxe7+ Kc7 18. dxc5 Nxc5 19. Bxc5 dxc5 20. Qxc5+ Kd7
21. Rad1+ Ke8 22. fxg6 hxg6 23. Qf2 Rf8 24. Nd5 Qe5 25. Qc5 Rd7 26. Qc8+ Rd8 27.
Qxb7 Rd7 28. Qc8+ Rd8 29. Qc6+ 1-0

[Event "21st European Teams Women"]
[Site "Hersonissos GRE"]
[Date "2017.10.29"]
[Round "2.16"]
[Board "1"]
[White "Cibickova, Zuzana"]
[Black "Dannenberg, Alia"]
[Result "1-0"]
[WhiteTitle "WGM"]
[WhiteElo "2290"]
[BlackElo "1975"]
[WhiteTeam "Slovakia"]
[BlackTeam "Finland"]
[WhiteFideId "14905779"]
[BlackFideId "504688"]
[EventDate "2017.10.28"]

1. e4 d5 2. exd5 Qxd5 3. Nc3 Qa5 4. d4 Nf6 5. Bc4 c6 6. Bd2 Bf5 7. Nd5 Qd8 8.
Nxf6+ gxf6 9. Nf3 e6 10. O-O Nd7 11. Re1 Nb6 12. Bb3 Qc7 13. Nh4 Bg6 14. Qe2
O-O-O 15. c3 f5 16. g3 Kb8 17. Ng2 Qd7 18. a4 Bd6 19. a5 Nc8 20. a6 b6 21. Ba4
b5 22. Bd1 Bc7 23. Bf4 Nb6 24. b3 Bxf4 25. Nxf4 Nd5 26. Qf3 Nxf4 27. Qxf4+ Qd6
28. Re5 Rhe8 29. Qf3 Re7 30. Rc5 Rc7 31. Qe3 f4 32. Qxf4 Qxf4 33. gxf4 Rd5 34.
Bf3 Rxc5 35. dxc5 Kc8 36. Ra2 Kd8 37. Kf1 Ke7 38. Ke2 f6 39. Rd2 Be8 40. Rd6 Bd7
41. b4 Be8 42. Ke3 Bd7 43. Kd4 Rc8 44. c4 bxc4 45. Kxc4 Be8 46. Kc3 Bd7 47. Be4
h6 48. f5 exf5 49. Rxd7+ Kxd7 50. Bxf5+ Kc7 51. Bxc8 Kxc8 52. Kd4 Kd7 53. Ke4
Ke6 54. f4 f5+ 55. Kd4 Kf6 56. b5 cxb5 57. c6 Ke6 58. Kc5 h5 59. Kxb5 Kd6 60. h4
Kc7 61. Kc5 Kd8 62. Kd6 Kc8 63. Ke6 Kc7 64. Kxf5 Kxc6 65. Ke6 1-0

[Event "21st European Teams Women"]
[Site "Hersonissos GRE"]
[Date "2017.10.29"]
[Round "2.16"]
[Board "2"]
[White "Puuska, Heini"]
[Black "Vrbova, Niki"]
[Result "0-1"]
[WhiteTitle "WFM"]
[BlackTitle "WFM"]
[WhiteElo "1947"]
[BlackElo "2188"]
[WhiteTeam "Finland"]
[BlackTeam "Slovakia"]
[WhiteFideId "502324"]
[BlackFideId "14906341"]
[EventDate "2017.10.28"]

1. d4 d5 2. Nf3 Nf6 3. e3 c6 4. Bd3 Bg4 5. Nbd2 e6 6. c4 Nbd7 7. O-O Bd6 8. e4
dxe4 9. Bxe4 O-O 10. Qb3 Qc7 11. h3 Bh5 12. g4 Bg6 13. Bxg6 hxg6 14. Ng5 c5 15.
Ndf3 Rac8 16. Be3 cxd4 17. Nxd4 Qxc4 18. Nb5 Bb8 19. Qxc4 Rxc4 20. Rfd1 a6 21.
Nd6 Bxd6 22. Rxd6 Ne5 23. Rb6 Nd5 24. Rxb7 Nxe3 25. fxe3 Rc6 26. Rf1 f6 27. Nf3
Nxf3+ 28. Rxf3 Rd8 29. Rf2 g5 30. Kg2 Rd3 31. Re2 Kh7 32. Kf3 Kg6 33. Kf2 f5 34.
Kg2 Kf6 35. Kf2 g6 36. Rb8 Rc1 37. Rb6 a5 38. Kf3 Rdd1 39. e4 Rf1+ 40. Rf2 fxe4+
41. Ke2+ Rxf2+ 42. Kxf2 Ke5 43. Ke3 Re1+ 44. Kf2 Rd1 45. Rb5+ Kf4 46. Rxa5 e3+
47. Ke2 Rd2+ 48. Ke1 Rxb2 49. Ra8 Rh2 50. Rf8+ Ke4 51. a4 Rxh3 52. Re8 Rh1+ 53.
Ke2 Rh2+ 54. Ke1 e5 55. Re6 Ra2 56. Rxg6 Rxa4 57. Re6 Ra1+ 58. Ke2 Ra2+ 59. Ke1
Kf3 60. Rf6+ Kxg4 61. Rf8 Rf2 62. Re8 Kf4 63. Rf8+ Ke4 64. Rg8 Rf5 65. Ke2 Kf4
66. Ra8 e4 67. Ra1 g4 68. Rg1 g3 69. Ra1 g2 70. Rb1 Rd5 71. Rg1 Rd2+ 72. Ke1 Ra2
73. Kd1 Ke5 0-1

[Event "21st European Teams Women"]
[Site "Hersonissos GRE"]
[Date "2017.10.29"]
[Round "2.16"]
[Board "3"]
[White "Motycakova, Monika"]
[Black "Rinne, Heini"]
[Result "1-0"]
[WhiteTitle "WFM"]
[WhiteElo "2143"]
[BlackElo "1765"]
[WhiteTeam "Slovakia"]
[BlackTeam "Finland"]
[WhiteFideId "14909626"]
[BlackFideId "513423"]
[EventDate "2017.10.28"]

1. e4 g6 2. d4 Bg7 3. Nc3 d6 4. Be3 a6 5. Qd2 Nd7 6. f3 b5 7. h4 h5 8. Nh3 Bb7
9. Ng5 c5 10. Be2 e6 11. dxc5 dxc5 12. O-O-O Qe7 13. f4 f6 14. Bxb5 axb5 15.
Nxb5 Rxa2 16. Nc7+ Kd8 17. Ngxe6+ Kc8 18. Kb1 Ra4 19. Bxc5 Qf7 20. Qd6 Nh6 21.
Nb5 1-0

[Event "21st European Teams Women"]
[Site "Hersonissos GRE"]
[Date "2017.10.29"]
[Round "2.16"]
[Board "4"]
[White "Walta, Paivi"]
[Black "Vrtiakova, Anna"]
[Result "0-1"]
[WhiteTitle "WFM"]
[BlackTitle "WFM"]
[WhiteElo "1672"]
[BlackElo "1994"]
[WhiteTeam "Finland"]
[BlackTeam "Slovakia"]
[WhiteFideId "504513"]
[BlackFideId "14927870"]
[EventDate "2017.10.28"]

1. e4 c5 2. c3 d5 3. exd5 Qxd5 4. Nf3 g6 5. d4 Bg7 6. Be2 Nf6 7. O-O O-O 8. Na3
Bg4 9. h3 Bf5 10. Be3 cxd4 11. Nxd4 Nc6 12. Nxf5 Qxf5 13. Qb3 b6 14. Rad1 Rad8
15. Qa4 Qe6 16. Bc4 Qe4 17. Qb5 Ne5 18. Be2 Rd5 19. Rxd5 Nxd5 20. Bd4 Nf4 21. f3
Qxe2 22. Qxe2 Nxe2+ 0-1

[Event "21st European Teams Women"]
[Site "Hersonissos GRE"]
[Date "2017.10.30"]
[Round "3.1"]
[Board "1"]
[White "Socko, Monika"]
[Black "Shvayger, Yuliya"]
[Result "1/2-1/2"]
[WhiteTitle "GM"]
[BlackTitle "WGM"]
[WhiteElo "2479"]
[BlackElo "2442"]
[WhiteTeam "Poland"]
[BlackTeam "Israel"]
[WhiteFideId "1106619"]
[BlackFideId "14100126"]
[EventDate "2017.10.28"]

1. e4 e6 2. d4 d5 3. Nd2 c5 4. Ngf3 cxd4 5. Nxd4 Nc6 6. Bb5 Bd7 7. Nxc6 bxc6 8.
Bd3 Qc7 9. Qe2 Ne7 10. Nf3 Ng6 11. O-O Bd6 12. Re1 Nf4 13. Bxf4 Bxf4 14. g3 Bd6
15. e5 Be7 16. c4 dxc4 17. Bc2 Rb8 18. Qxc4 O-O 19. Rad1 Rfd8 20. b3 Be8 21. h4
Rxd1 22. Rxd1 Rd8 23. Rxd8 Qxd8 24. Be4 c5 25. a4 h5 26. Qc3 Bd7 27. Qd3 Bc8 28.
Qb5 Bd7 29. Qb7 c4 30. bxc4 Bc5 31. Bc6 Bc8 32. Qb5 Qb6 33. Qxb6 axb6 34. Kf1
Ba6 35. Bb5 Bb7 36. Nd2 Bb4 37. Ke2 Kf8 38. Nb3 Ke7 39. Ke3 Ba8 40. Nc1 Bc5+ 41.
Ke2 Bd4 42. f4 Bc3 43. Nd3 Bd4 44. Nb4 Bb7 45. Nc2 Bc5 46. Na1 Bb4 47. Nb3 Ba8
48. Nd4 Bc3 49. Nc2 Be4 50. Ne3 Bd4 51. Nf1 Bb7 52. Nd2 Bc3 53. Nb3 Bb4 54. Nd4
Bc3 55. Nc2 Be4 56. Ne3 Bd4 57. Nd1 Kf8 58. Nf2 Bb7 59. Nh3 Ke7 60. Nf2 Kf8 61.
Nd3 Ke7 62. Nc1 Bc5 63. Nb3 Bb4 64. Kf2 Ba8 65. Kf1 Be4 66. Ke2 Ba8 67. Nd4 Bc3
68. Nc2 1/2-1/2

[Event "21st European Teams Women"]
[Site "Hersonissos GRE"]
[Date "2017.10.30"]
[Round "3.1"]
[Board "2"]
[White "Efroimski, Marsel"]
[Black "Zawadzka, Jolanta"]
[Result "0-1"]
[WhiteTitle "WGM"]
[BlackTitle "WGM"]
[WhiteElo "2329"]
[BlackElo "2422"]
[WhiteTeam "Israel"]
[BlackTeam "Poland"]
[WhiteFideId "2810964"]
[BlackFideId "1122320"]
[EventDate "2017.10.28"]

1. e4 e5 2. Nf3 Nc6 3. Bb5 a6 4. Bxc6 dxc6 5. O-O f6 6. d4 exd4 7. Qxd4 Qxd4 8.
Nxd4 Bd7 9. c4 O-O-O 10. Be3 Re8 11. Nc3 Bb4 12. Nde2 f5 13. exf5 Bxf5 14. c5
Bd3 15. Rfd1 Bxe2 16. Nxe2 Bxc5 17. Bxc5 Rxe2 18. Bf8 Ne7 19. Bxg7 Rg8 20. Kf1
Re4 21. Bd4 Nd5 22. f3 Rh4 23. Bg1 Rb4 24. Rd2 a5 25. Rc1 Kd7 26. g3 b6 27. Bd4
a4 28. Kf2 Re8 29. Re1 Rxe1 30. Kxe1 Rc4 31. Kd1 c5 32. Bf2 Ke6 33. a3 Nf6 34.
Rd8 b5 35. Ra8 Nd7 36. Ra7 Kd6 37. Be3 c6 38. Bf4+ Ke7 39. Ra6 Rd4+ 40. Kc2 Rc4+
41. Kb1 b4 42. Rxa4 Ke6 43. Ra7 Rd4 44. Kc2 bxa3 45. bxa3 c4 46. Rc7 c5 47. Rc6+
Kf7 48. Rh6 Rd3 49. Rxh7+ Ke6 50. Rh6+ Ke7 51. Ra6 Nf8 52. Ra7+ Kf6 53. Bd2 Ne6
54. Bc3+ Nd4+ 55. Bxd4+ cxd4 56. Rc7 Rc3+ 57. Kd2 Ke5 58. f4+ Kd5 59. f5 Rxa3
60. f6 Ra2+ 61. Ke1 Rxh2 62. f7 Rh8 0-1

[Event "21st European Teams Women"]
[Site "Hersonissos GRE"]
[Date "2017.10.30"]
[Round "3.1"]
[Board "3"]
[White "Szczepkowska, Karina"]
[Black "Klinova, Masha"]
[Result "1/2-1/2"]
[WhiteTitle "IM"]
[BlackTitle "IM"]
[WhiteElo "2406"]
[BlackElo "2289"]
[WhiteTeam "Poland"]
[BlackTeam "Israel"]
[WhiteFideId "1122681"]
[BlackFideId "2802015"]
[EventDate "2017.10.28"]

1. d4 d6 2. e4 Nf6 3. Nc3 g6 4. Nf3 Bg7 5. Be2 O-O 6. O-O Bg4 7. Be3 Nc6 8. d5
Bxf3 9. Bxf3 Ne5 10. Be2 c6 11. f4 Ned7 12. dxc6 bxc6 13. Bf3 Qc7 14. Qd2 Rab8
15. b3 Rfd8 16. Rad1 Nb6 17. Qe1 Nfd7 18. Ne2 c5 19. c4 Nf8 20. g4 Nc8 21. Bg2
a5 22. Bd2 a4 23. Ba5 Nb6 24. f5 Nfd7 25. g5 axb3 26. axb3 Qa7 27. Rf3 Re8 28.
Rh3 Ne5 29. Nf4 Nbd7 30. Kh1 Nf8 31. Nd5 e6 32. Nc7 exf5 33. Nxe8 Rxe8 34. Rxd6
f4 35. Bc3 Qe7 36. Rd5 Qxg5 37. Rxc5 Qg4 38. Bxe5 Bxe5 39. Rf3 f6 40. Qd1 Ne6
41. Bh3 Qh5 42. Rc8 Ng7 43. Rxe8+ Nxe8 44. Qd5+ Kf8 45. Bg2 g5 46. Rh3 Qg6 47.
Qd7 h5 48. Rd3 g4 49. Qf5 Qh6 50. Rd1 f3 51. Bxf3 Nd6 52. Rxd6 Bxd6 53. Be2 Ke7
54. Qf2 Qc1+ 55. Kg2 Qc3 56. Bd1 Qe5 57. Kf1 Qxe4 58. c5 Be5 59. Bc2 Qf4 60.
Qxf4 Bxf4 61. Kg2 Ke6 1/2-1/2

[Event "21st European Teams Women"]
[Site "Hersonissos GRE"]
[Date "2017.10.30"]
[Round "3.1"]
[Board "4"]
[White "Lahav, Michal"]
[Black "Kulon, Klaudia"]
[Result "0-1"]
[WhiteTitle "WFM"]
[BlackTitle "WGM"]
[WhiteElo "2213"]
[BlackElo "2358"]
[WhiteTeam "Israel"]
[BlackTeam "Poland"]
[WhiteFideId "2813742"]
[BlackFideId "1131044"]
[EventDate "2017.10.28"]

1. e4 e5 2. Nf3 Nc6 3. Bb5 a6 4. Ba4 Nf6 5. O-O Be7 6. Re1 b5 7. Bb3 d6 8. c3
O-O 9. h3 Na5 10. Bc2 c5 11. d4 Qc7 12. Nbd2 cxd4 13. cxd4 Nc6 14. d5 Nb4 15.
Bb1 a5 16. Nf1 Bd7 17. Bd2 Na6 18. Bc2 Nc5 19. Rc1 Qb7 20. Ng3 Rfc8 21. Nh2 Na4
22. Bxa4 bxa4 23. Bc3 Ne8 24. Qd2 h6 25. Nf3 Bd8 26. Rb1 Qa7 27. Qe2 Rab8 28.
Rec1 a3 29. Qd2 Bb6 30. Nh4 axb2 31. Rxb2 Rc4 32. Nhf5 Bxf5 33. exf5 Rbc8 34.
Rbc2 Nf6 35. Nf1 Ne4 0-1

[Event "21st European Teams Women"]
[Site "Hersonissos GRE"]
[Date "2017.10.30"]
[Round "3.2"]
[Board "1"]
[White "Dzagnidze, Nana"]
[Black "Hoang, Thanh Trang"]
[Result "1/2-1/2"]
[WhiteTitle "GM"]
[BlackTitle "GM"]
[WhiteElo "2520"]
[BlackElo "2438"]
[WhiteTeam "Georgia"]
[BlackTeam "Hungary"]
[WhiteFideId "13601903"]
[BlackFideId "12400149"]
[EventDate "2017.10.28"]

1. c4 f5 2. d4 e6 3. Nf3 Nf6 4. Nc3 Bb4 5. Qb3 a5 6. Bg5 b6 7. g3 Bb7 8. Bg2 O-O
9. O-O Bxc3 10. Bxf6 Qxf6 11. Qxc3 d6 12. Rfd1 Be4 13. Ne1 Bxg2 14. Nxg2 Nd7 15.
Qf3 Qf7 16. Rac1 e5 17. Qc6 Rac8 18. dxe5 Nxe5 19. Qd5 Ng6 20. b3 Rfe8 21. Rc2
Re5 22. Qxf7+ Kxf7 23. a3 Ne7 24. Nf4 g5 25. Nd3 Re6 26. b4 axb4 27. axb4 Ra8
28. Kf1 c5 29. Rdd2 Ra1+ 30. Kg2 Nc6 31. Rb2 Ra4 32. bxc5 bxc5 33. Rb7+ Re7 34.
Rb6 Na5 35. Nb2 Nxc4 36. Nxc4 Rxc4 37. Rdxd6 f4 38. Rd5 Rxe2 39. Rxg5 fxg3 40.
hxg3 Rcc2 41. Rf5+ Kg7 42. Rb7+ Kg6 43. Rff7 h5 44. Rg7+ Kh6 45. Rh7+ Kg6 46.
Rbg7+ Kf6 47. Rf7+ Kg6 48. Rhg7+ Kh6 49. Rg8 c4 50. Rf6+ Kh7 51. Rg5 c3 52.
Rxh5+ Kg7 53. Rf4 Rcd2 54. Rg5+ Kh6 55. Rg8 Kh7 56. Rc8 c2 57. Rc7+ Kg6 58. Rc6+
Kg7 59. Rc7+ Kg6 60. Rc6+ Kg7 61. Rc7+ 1/2-1/2

[Event "21st European Teams Women"]
[Site "Hersonissos GRE"]
[Date "2017.10.30"]
[Round "3.2"]
[Board "2"]
[White "Lazarne Vajda, Szidonia"]
[Black "Batsiashvili, Nino"]
[Result "1/2-1/2"]
[WhiteTitle "IM"]
[BlackTitle "IM"]
[WhiteElo "2364"]
[BlackElo "2472"]
[WhiteTeam "Hungary"]
[BlackTeam "Georgia"]
[WhiteFideId "723894"]
[BlackFideId "13602993"]
[EventDate "2017.10.28"]

1. d4 d5 2. Nf3 Nf6 3. e3 g6 4. Nbd2 Bg7 5. b4 O-O 6. c4 b6 7. Bb2 Bb7 8. Qc2 c5
9. bxc5 bxc5 10. dxc5 Na6 11. cxd5 Qxd5 12. Bc4 Qxc5 13. Bd4 Qd6 14. Rb1 Bd5 15.
Bxd5 Qxd5 16. Qc4 Qxc4 17. Nxc4 Rfc8 18. Ncd2 Nb4 19. O-O a5 20. Rb2 Nfd5 21.
Nb1 Rab8 22. g3 f6 23. e4 e5 24. exd5 exd4 25. Nxd4 Nxd5 26. Rxb8 Rxb8 27. Nc6
Rb5 28. Rd1 Bf8 29. Nd4 Rb2 30. Ne6 Be7 31. Rxd5 Rxb1+ 32. Kg2 Kf7 33. Nf4 g5
34. Nd3 a4 35. Ra5 a3 36. Ra7 Ra1 37. Nb4 Ke6 38. Ra6+ Bd6 39. Kf3 h5 40. h3 f5
41. Ke3 Kd7 42. Ra7+ Kc8 43. Ra4 g4 44. hxg4 hxg4 45. Nc2 Rxa2 46. Rc4+ Kd7 47.
Rc3 Ke6 48. Nd4+ Kd5 49. Nc2 Bc5+ 50. Kf4 Rb2 51. Nxa3 Rxf2+ 52. Kg5 Bb4 53. Rc2
Rf3 54. Nb5 Be1 55. Nc7+ Kd4 56. Ne6+ Kd3 57. Rc5 Ke4 58. Kg6 Bxg3 59. Ng5+ Kd4
60. Rxf5 Ra3 61. Kh5 Bd6 1/2-1/2

[Event "21st European Teams Women"]
[Site "Hersonissos GRE"]
[Date "2017.10.30"]
[Round "3.2"]
[Board "3"]
[White "Khotenashvili, Bela"]
[Black "Papp, Petra"]
[Result "1-0"]
[WhiteTitle "GM"]
[BlackTitle "WGM"]
[WhiteElo "2459"]
[BlackElo "2326"]
[WhiteTeam "Georgia"]
[BlackTeam "Hungary"]
[WhiteFideId "13602640"]
[BlackFideId "739049"]
[EventDate "2017.10.28"]

1. d4 Nf6 2. c4 g6 3. Nc3 d5 4. cxd5 Nxd5 5. e4 Nxc3 6. bxc3 Bg7 7. Bc4 c5 8.
Ne2 Nc6 9. Be3 O-O 10. O-O Bg4 11. f3 Bd7 12. Rb1 Qc7 13. Bf4 Qc8 14. Rc1 Qd8
15. Be3 Qc7 16. Qd2 Rad8 17. Rfd1 Bc8 18. Qe1 Na5 19. Bd3 Bd7 20. h4 h5 21. Nf4
e6 22. e5 Ba4 23. Rd2 Rc8 24. Rb2 Qd7 25. Rbb1 b6 26. Qg3 Bh6 27. Kh2 Bxf4 28.
Qxf4 Rfe8 29. Ba6 Rc7 30. dxc5 b5 31. Qf6 Kh7 32. Qf4 Kg8 33. Qh6 Qe7 34. Bg5
Qf8 35. Qxf8+ Rxf8 36. Bxb5 Bxb5 37. Rxb5 Nb7 38. c6 Nd8 39. Rd1 Nxc6 40. Rc5
Rfc8 41. Bf6 Kf8 42. c4 Ke8 43. Kg3 Ne7 44. Rxc7 Rxc7 45. Bxe7 Kxe7 46. Rc1 Kd7
47. Kf4 Rb7 48. Rc2 a5 49. Kg5 Rb1 50. Kf6 Rh1 51. Kxf7 Rxh4 52. Rd2+ Kc7 53.
Kxe6 Rf4 54. Kd5 Kd7 55. Rb2 g5 56. e6+ Kd8 57. Rb8+ Ke7 58. Rb7+ Ke8 59. c5 g4
60. c6 1-0

[Event "21st European Teams Women"]
[Site "Hersonissos GRE"]
[Date "2017.10.30"]
[Round "3.2"]
[Board "4"]
[White "Gara, Ticia"]
[Black "Javakhishvili, Lela"]
[Result "0-1"]
[WhiteTitle "WGM"]
[BlackTitle "IM"]
[WhiteElo "2317"]
[BlackElo "2438"]
[WhiteTeam "Hungary"]
[BlackTeam "Georgia"]
[WhiteFideId "717444"]
[BlackFideId "13601458"]
[EventDate "2017.10.28"]

1. Nf3 d5 2. g3 Nf6 3. Bg2 e6 4. c4 dxc4 5. O-O Nbd7 6. Qc2 Nb6 7. a4 a5 8. Na3
Bxa3 9. Rxa3 O-O 10. d3 cxd3 11. Rxd3 Nbd5 12. Bd2 Qe7 13. Rc1 b6 14. Nd4 c5 15.
Nb5 Ba6 16. Qc4 Rad8 17. Qh4 Nb4 18. Rxd8 Rxd8 19. Bf4 Rd7 20. Be5 Nfd5 21. Qg4
f6 22. Bh3 f5 23. Qc4 Nc6 24. Bc3 Nxc3 25. bxc3 Ne5 26. Qb3 Rd2 27. Nc7 Qxc7 28.
Qxe6+ Kf8 29. Qxf5+ Nf7 30. Qxh7 Bxe2 31. Be6 Qe5 32. Bb3 Bd3 33. Qh4 Qf6 34.
Qxf6 gxf6 35. h4 Ne5 36. h5 Kg7 0-1

[Event "21st European Teams Women"]
[Site "Hersonissos GRE"]
[Date "2017.10.30"]
[Round "3.3"]
[Board "1"]
[White "Atalik, Ekaterina"]
[Black "Vega Gutierrez, Sabrina"]
[Result "0-1"]
[WhiteTitle "IM"]
[BlackTitle "IM"]
[WhiteElo "2468"]
[BlackElo "2405"]
[WhiteTeam "Turkey"]
[BlackTeam "Spain"]
[WhiteFideId "4130189"]
[BlackFideId "2219026"]
[EventDate "2017.10.28"]

1. d4 d5 2. c4 e6 3. Nc3 c6 4. e3 f5 5. Bd3 Nf6 6. Nge2 Bd6 7. Qc2 O-O 8. f3 Kh8
9. Bd2 dxc4 10. Bxc4 Qe7 11. O-O Nbd7 12. Rae1 b5 13. Bd3 b4 14. Na4 c5 15. Bc4
cxd4 16. exd4 Nb6 17. Nxb6 axb6 18. Nf4 Qc7 19. Qc1 e5 20. dxe5 Bxe5 21. g3 Qd6
22. Be3 Ba6 23. Bxa6 Rxa6 24. Rd1 Qe7 25. Rfe1 Qb7 26. Qc4 Rc8 27. Qe6 Re8 28.
Qxf5 Bxb2 29. Bf2 Raa8 30. Kg2 Rxe1 31. Rxe1 Bc3 32. Re6 Qf7 33. Rc6 Qxa2 34.
Nd5 Qxd5 35. Rxf6 Qxf5 36. Rxf5 b3 37. Rb5 b2 38. Rxb6 h6 0-1

[Event "21st European Teams Women"]
[Site "Hersonissos GRE"]
[Date "2017.10.30"]
[Round "3.3"]
[Board "4"]
[White "Calzetta Ruiz, Monica"]
[Black "Isgandarova, Khayala"]
[Result "1-0"]
[WhiteTitle "WGM"]
[BlackTitle "WIM"]
[WhiteElo "2218"]
[BlackElo "2242"]
[WhiteTeam "Spain"]
[BlackTeam "Turkey"]
[WhiteFideId "2204185"]
[BlackFideId "13401823"]
[EventDate "2017.10.28"]

1. e4 e6 2. d4 d5 3. Nc3 Nf6 4. Bg5 Be7 5. e5 Nfd7 6. Bxe7 Qxe7 7. f4 a6 8. Nf3
c5 9. Qd2 Nc6 10. dxc5 Nxc5 11. Bd3 O-O 12. O-O b5 13. Qe3 Nxd3 14. cxd3 Bb7 15.
Ne2 d4 16. Nexd4 Nxd4 17. Qxd4 Rfd8 18. Qe3 Qd7 19. Rad1 Qd5 20. b3 Rac8 21. Rf2
h6 22. h3 b4 23. Kh2 Rc3 24. Ne1 a5 25. Rc1 Rxc1 26. Qxc1 Qd4 27. Rc2 g5 28. Rc4
Qf2 29. fxg5 Rxd3 30. Rg4 Re3 31. gxh6+ Kh7 32. Nd3 Qe2 33. Qc7 1-0

[Event "21st European Teams Women"]
[Site "Hersonissos GRE"]
[Date "2017.10.30"]
[Round "3.4"]
[Board "2"]
[White "Zhukova, Natalia"]
[Black "Lagno, Kateryna"]
[Result "1/2-1/2"]
[WhiteTitle "GM"]
[BlackTitle "GM"]
[WhiteElo "2426"]
[BlackElo "2541"]
[WhiteTeam "Ukraine"]
[BlackTeam "Russia"]
[WhiteFideId "14101513"]
[BlackFideId "14109336"]
[EventDate "2017.10.28"]

1. Nf3 c5 2. c4 Nc6 3. d4 cxd4 4. Nxd4 Nf6 5. Nc3 e6 6. g3 Qb6 7. Nc2 d5 8. Bg2
dxc4 9. O-O Be7 10. Na3 O-O 11. Nxc4 Qc5 12. b3 Rd8 13. Bd2 Bd7 14. Rc1 Be8 15.
Ne4 Qh5 16. Nxf6+ Bxf6 17. e3 Qxd1 18. Rfxd1 Rac8 19. Be1 Rxd1 20. Rxd1 Be7 21.
a4 Rd8 22. Rxd8 Nxd8 23. Bc3 Bc6 24. e4 b6 25. a5 bxa5 26. Nxa5 Bb5 27. e5 Kf8
28. Be4 h5 29. Kg2 Ke8 30. f4 g6 1/2-1/2

[Event "21st European Teams Women"]
[Site "Hersonissos GRE"]
[Date "2017.10.30"]
[Round "3.4"]
[Board "4"]
[White "Gaponenko, Inna"]
[Black "Girya, Olga"]
[Result "1/2-1/2"]
[WhiteTitle "IM"]
[BlackTitle "WGM"]
[WhiteElo "2433"]
[BlackElo "2505"]
[WhiteTeam "Ukraine"]
[BlackTeam "Russia"]
[WhiteFideId "14101181"]
[BlackFideId "4195752"]
[EventDate "2017.10.28"]

1. e4 c6 2. d4 d5 3. exd5 cxd5 4. c4 Nf6 5. Nc3 Nc6 6. cxd5 Nxd5 7. Nf3 a6 8.
Bd3 Bg4 9. O-O e6 10. Be4 Be7 11. h3 Bh5 12. Re1 O-O 13. a3 Bf6 14. Bxd5 exd5
15. g4 Bg6 16. Bf4 Qd7 17. Ne5 Bxe5 18. Bxe5 Rae8 19. Qd2 Na5 20. Rad1 Nb3 21.
Qf4 Bc2 22. Bd6 Bxd1 23. Rxd1 Na5 24. Bxf8 Kxf8 25. Qf3 Nc4 26. Nxd5 Nxb2 27.
Rb1 Nc4 28. Nb6 Qxd4 29. Nxc4 Qxc4 30. Rxb7 h6 31. Qb3 Re1+ 32. Kh2 Qxb3 33.
Rxb3 Re4 34. f3 Ra4 35. Kg3 g5 36. h4 gxh4+ 37. Kxh4 Kg7 38. Kh5 Ra5+ 39. Kh4
Ra4 40. Kh5 Rc4 41. Rb6 Ra4 1/2-1/2

[Event "21st European Teams Women"]
[Site "Hersonissos GRE"]
[Date "2017.10.30"]
[Round "3.5"]
[Board "1"]
[White "Unuk, Laura"]
[Black "Milliet, Sophie"]
[Result "0-1"]
[WhiteTitle "WIM"]
[BlackTitle "IM"]
[WhiteElo "2363"]
[BlackElo "2377"]
[WhiteTeam "Slovenia"]
[BlackTeam "France"]
[WhiteFideId "14609215"]
[BlackFideId "623725"]
[EventDate "2017.10.28"]

1. Nf3 c5 2. c4 Nc6 3. Nc3 g6 4. e3 Nf6 5. d4 cxd4 6. exd4 d5 7. c5 Bg7 8. Bb5
O-O 9. O-O Bg4 10. Bxc6 bxc6 11. Re1 Nd7 12. Bg5 f6 13. Bh4 g5 14. Bg3 e5 15.
dxe5 Nxe5 16. Nxe5 Bxd1 17. Nxc6 Re8 18. Rexd1 Qc8 19. Nb4 Qxc5 20. Na6 Qc4 21.
Nc7 d4 22. N3b5 f5 23. Nxe8 Qxb5 24. Nxg7 Kxg7 25. a4 Qd5 26. f3 d3 27. Rd2 Rd8
28. a5 a6 29. Kf1 Qb5 30. Bf2 Qb4 31. Rad1 Qxa5 32. Rxd3 Qb5 33. Ke2 Qxb2+ 34.
R1d2 Qb5 35. h4 h6 36. hxg5 hxg5 37. Rd1 a5 38. Be1 a4 39. Bc3+ Kg6 40. g3 f4
41. gxf4 gxf4 42. Ba1 a3 43. Rd2 Qc4 44. Rd1 Rxd3 45. Rxd3 Qa2+ 0-1

[Event "21st European Teams Women"]
[Site "Hersonissos GRE"]
[Date "2017.10.30"]
[Round "3.5"]
[Board "2"]
[White "Skripchenko, Almira"]
[Black "Krivec, Jana"]
[Result "1-0"]
[WhiteTitle "IM"]
[BlackTitle "WGM"]
[WhiteElo "2399"]
[BlackElo "2270"]
[WhiteTeam "France"]
[BlackTeam "Slovenia"]
[WhiteFideId "13900145"]
[BlackFideId "14601982"]
[EventDate "2017.10.28"]

1. e4 e5 2. Bc4 Nc6 3. Nc3 Nf6 4. d3 Bc5 5. f4 O-O 6. f5 Na5 7. Qf3 c6 8. Bb3
Nxb3 9. axb3 d5 10. Nge2 b5 11. g4 dxe4 12. dxe4 Ne8 13. g5 g6 14. Ng3 f6 15.
gxf6 Qxf6 16. Be3 Bxe3 17. Qxe3 gxf5 18. exf5 Bxf5 19. Rf1 Ng7 20. O-O-O Qe6 21.
Rg1 Bg6 22. Nce4 Nf5 23. Qc5 Nd4 24. h4 Kh8 25. Rxd4 exd4 26. Qxd4+ Kg8 27. h5
Rad8 28. Qc3 Qd5 29. hxg6 Qd4 30. gxh7+ Kh8 31. Rh1 Qxc3 32. bxc3 Rd7 33. Rh6
Rc8 34. Ng5 c5 35. N3e4 Kg7 36. Rh4 c4 37. b4 Kh8 38. Rf4 Re8 39. Nd6 Re1+ 40.
Kb2 1-0

[Event "21st European Teams Women"]
[Site "Hersonissos GRE"]
[Date "2017.10.30"]
[Round "3.5"]
[Board "3"]
[White "Kaps, Darja"]
[Black "Collas, Silvia"]
[Result "1/2-1/2"]
[WhiteTitle "WGM"]
[BlackTitle "IM"]
[WhiteElo "2196"]
[BlackElo "2288"]
[WhiteTeam "Slovenia"]
[BlackTeam "France"]
[WhiteFideId "14602334"]
[BlackFideId "2902265"]
[EventDate "2017.10.28"]

1. e4 c5 2. d3 Nc6 3. g3 g6 4. Bg2 Bg7 5. f4 d6 6. Nf3 Nh6 7. O-O O-O 8. c3 Qb6
9. Na3 f5 10. Nc4 Qa6 11. Ng5 Nd8 12. e5 Nhf7 13. exd6 exd6 14. Bd5 Kh8 15. Re1
Bf6 16. Qf3 Rb8 17. Nxf7+ Nxf7 18. Bxf7 Rxf7 19. Qd5 Rf8 20. Nxd6 Bd7 21. Be3
Bc6 22. Qxc5 Rbd8 23. Nc4 Bd5 24. Bd4 Bxc4 25. dxc4 Kg8 26. Rad1 Qxa2 27. Bxf6
Rxd1 28. Rxd1 Rxf6 29. Qe7 Rf7 30. Qb4 Qa6 31. Rd8+ Kg7 32. Qb5 Qa1+ 33. Kg2 Kh6
34. Rd2 Qe1 35. Rf2 Qe4+ 36. Kh3 Qe3 37. Kg2 Qe4+ 38. Kh3 Qe3 39. Kg2 Qe4+ 40.
Kh3 1/2-1/2